000 00430nam a2200157Ia 4500
003 GCL
008 140319s9999 xx 000 0 ara d
040 _aGCL /
_cGCL
082 0 4 _aد
_b050
100 1 _aنبيل راغب
245 1 0 _aمعالم الادب العالمى المعاصر (اقرا 434 ) /
_cنبيل راغب
300 _a182
490 _aاقرأ
_v0
650 0 4 _aالادب العالمى
942 _2ddc
_cBK
999 _c48846
_d48846